Business faculty's evaluation criteria and selection process for textbooks /
Saved in:
| 主要作者: | |
|---|---|
| 格式: | Thesis 圖書 |
| 語言: | English |
| 出版: |
1993.
|
| 主題: | |
| 標簽: |
添加標簽
沒有標簽, 成為第一個標記此記錄!
|
| LEADER | 00871cam a2200253 a 4500 | ||
|---|---|---|---|
| 001 | u329154 | ||
| 003 | SIRSI | ||
| 008 | 930802s1993 si v 00 1 eng m | ||
| 035 | |a ABP-2052 | ||
| 040 | |a UMM | ||
| 043 | |a a-si--- | ||
| 090 | |a LB3048 |b S55Beh | ||
| 100 | 1 | 0 | |a Beh, Lip Aun. |
| 245 | 1 | 0 | |a Business faculty's evaluation criteria and selection process for textbooks / |c by Beh Lip Aun. |
| 260 | |c 1993. | ||
| 300 | |a vii, 88, [10] leaves : |b ill. ; |c 30 cm. | ||
| 502 | |a Dissertation (M.B.A.) -- National University of Singapore, 1993. | ||
| 504 | |a Bibliography: leaf 88. | ||
| 650 | 0 | |a Business education |x Textbooks |x Evaluation. | |
| 650 | 0 | |a Business education |z Singapore | |
| 650 | 0 | |a Textbooks |z Singapore |x Evaluation. | |
| 948 | |a 02/08/1993 |b 22/08/2002 | ||
| 596 | |a 1 | ||
| 999 | |a LB3048 S55BEH |w LC |c 1 |i A504451409 |d 8/12/1997 |l STACKS |m P01UTAMA |n 1 |r Y |s Y |t TESIS |u 10/8/1993 | ||
